00401nam a2200133 a 4500008004100000020001800041050001400059100001800073245007000091260004500161300001900206650002200225650002000247130823s2009 ||||||||||||||||| || u a9780470442548 aT 385 KEN aKent, Lynette10aPhotoshop CS4 Top 100 simplified tips and trickscby Lynette Kent aIndianapolis:bJohn Wiley and Sonsc2009 ax, 278p.: ill. 0aCOMPUTER GRAPHICS aADOBE PHOTOSHOP